000 005000000a22001810004500
003 LK-CoMWRAF
005 20240624170304.0
008 230817t ||||| |||| 00| 0 eng d
040 _aLK-CoMWRAF
_dLK-CoMWRAF
_eLK-CoMWRAF
041 _aeng
082 _a331.4
_bBAL
100 _aBalasubrahmanyan, Vimal
245 _aPaying the price:
_bnew economic policy and women
260 _aMadras:
_bIWID,
_c1995
300 _a27 p.
_bbibliography included
650 _aWOMEN AND DEVELOPMENT
942 _cBK
999 _c2737
_d2737